| 000 | 00745nam a22002177a 4500 | ||
|---|---|---|---|
| 005 | 20100724120450.0 | ||
| 010 | _aENG-96669 | ||
| 020 |
_a9788120337862 _c195.00 |
||
| 035 | _aEN-80202 | ||
| 037 | _bDBAD/PUB | ||
| 082 | _a005.432 | ||
| 100 | _aGopalan, N.P. | ||
| 245 |
_aA beginner's guide to unix / _cby N.P. Gopalan and B. Sivaselvan |
||
| 260 |
_aNew Delhi _bPHI Learning _c2009 |
||
| 270 |
_aM-97, Connaught Circus _bNew Delhi _e110001 |
||
| 300 |
_axi, 272p. _c24cm (pbk) |
||
| 500 | _aincludes bibliography, index | ||
| 700 |
_aSivaselvan, B. _91202 |
||
| 942 |
_2ddc _cEN _mGOP _h005.432 |
||
| 999 |
_c37520 _d37520 |
||